000 00937nas a2200301 4500
001 BR9607066
003 BR-BrBNA
005 20231205095419.0
007 ta
008 230509b bl.|||p| |||| 00| 00por d
040 _aBR-BrBNA
_bpor
_cBiblioteca Nacional de Agricultura
041 _a(Pt)
072 _aL02
100 1 _aPimenta Filho, E.C.
100 1 _aUgiette, S.M.A.
100 1 _aAlmeida, C.C. de
100 1 _aCosta, R.G.
100 1 _aRibeiro, M.N.
245 1 _aEfeito da substituicao do leite de cabra por soro de queijo no crescimento de cabritos na fase de aleitamento
650 _aCabrito
650 _aLeite de Cabra
650 _aSoro de Leite
650 _aCrescimento
650 _aAleitamento
773 0 _tRevista da Sociedade Brasileira de Zootecnia (Brazil)
_xISSN 0100-4859
_g(May-Jun 1996), v. 25(3) p. 522-528
_wBR9607066
909 _a202311
_bLúcia
_c55
_dLúcia Elande
942 _2AGRIS
_n0
_cANA
999 _c150515
_d150515